Taylor Swift - Clara Bow Lyrics - Statistics

General Stats
  • This quiz has been taken 171 times
    170 since last reset
  • The average score is 208 of 248
Answer Stats
Answer % Correct
like
100%
look
100%
"You
100%
you
100%
Bow
99%
Clara
99%
I
99%
In
99%
in
99%
a
97%
light
97%
this
97%
"This
97%
Nicks
96%
on
96%
Stevie
96%
Swift
96%
Taylor
96%
your
96%
did
95%
it
95%
the
95%
The
95%
to
95%
be
94%
is
94%
me
94%
No
94%
you're
94%
You're
94%
All
92%
all
92%
and
92%
But
92%
but
92%
dazzling"
92%
dazzling
92%
if
92%
my
92%
never
92%
one
92%
she
92%
town
92%
of
91%
see
91%
small
91%
thing
91%
die
90%
Die
90%
got
90%
"I'm
90%
know
90%
life
90%
real
90%
bright
88%
Manhattan"
88%
remarkable
88%
Thought
88%
thought
88%
we're
88%
I'd
87%
lights
87%
made
87%
might
87%
not
87%
think
87%
You've
87%
edge
86%
future's
85%
happened
85%
lovin'
83%
rose?"
83%
trying
83%
You'd
83%
Do
82%
hair
82%
lips
82%
that
82%
They
82%
they
82%
fake
81%
L.A.
81%
It's
79%
picked
79%
Promise
79%
when
79%
'75
78%
at
78%
her
78%
goes
77%
smoke
77%
suits
76%
wild
76%
air
74%
Crowd
74%
fresh
74%
full
74%
say..."
74%
Breath
73%
exaggerate
73%
through
73%
eclipse"
72%
exaggerate
72%
fingertips
72%
these
72%
Beauty
71%
Half
71%
meet
69%
down
68%
earth
68%
moonshine
67%
rings
67%
roars
67%
fours
65%
hell
65%
beast
64%
don't
64%
more
64%
queen
64%
so
64%
heavenly
63%
Take
63%
everything
62%
glory
62%
wanna
62%
come
58%
just
58%
let
58%
crown
56%
Demanding
56%
Only
56%
new
55%
give
54%
glow
54%
worshipping
54%
girlish
53%
blood
51%
flickers
51%
gently
51%
god
49%
machines
49%
war
49%
Flesh
47%
Them's
47%
breaks
45%
stained
41%
amongst
40%
No matching quizzes found
Score Distribution
Percent of People with Each Score
Percentile by Number Answered
Your Score History
You have not taken this quiz since the last reset